| 000 | 02702cam a22003018i 4500 | ||
|---|---|---|---|
| 999 |
_c62070 _d62070 |
||
| 001 | 23080253 | ||
| 005 | 20240702163913.0 | ||
| 008 | 230425s2023 nyu b 001 0 eng | ||
| 010 | _a 2023014791 | ||
| 020 |
_a9781032213859 X _q(paperback) |
||
| 080 | _a378.2 A-20 | ||
| 100 |
_aAdu, Philip, _922662 |
||
| 245 | 0 | 0 |
_aDissertation research methods : _ba step-by-step guide to writing up your research in the social sciences / _cPhilip Adu and D. Anthony Miles. |
| 264 | 1 |
_a London And New York, _bRoutledge, _c2024. |
|
| 300 |
_a451:, pages _b23 cm. |
||
| 504 | _aIncludes bibliographical references and index. | ||
| 520 |
_a"Dissertation Research Methods: A Step-by-Step Guide to Writing Up Your Research in the Social Sciences focuses specifically on methodology when planning, writing and submitting your dissertation thesis. Written by two methodology experts in the social sciences, the book provides a step-by-step guide through each stage of the dissertation process. It covers all aspects of the methodological considerations needed from choosing a topic or research question, literature review, identifying research gaps, accessing potential study participants, utilizing the right sampling strategies, ways to analyze data, and writing up findings. Readers are introduced to the main research methods normally used in dissertations, and their characteristics, and are guided to choose an appropriate research method for their study, provide substantial description of the selected method, and articulate strong arguments supporting the method. The book is filled with templates, exemplars and tools to help students to write about methodology in their thesis, and to equip readers to successfully trouble shoot methodology challenges they may face. This compact book will be of use to all undergraduate and graduate students in the social sciences, Education and behavioural sciences looking for a guide to working with robust and defensible methodological principles in their dissertation research and theses"-- _cProvided by publisher. |
||
| 650 | 0 |
_aSocial sciences _xResearch. _922663 |
|
| 650 | 0 |
_aSocial sciences _xStudy and teaching. _922664 |
|
| 650 | 0 |
_aDissertations, Academic. _922665 |
|
| 653 | _aდისერტაციის კვლევის მეთოდები: | ||
| 653 | _aპედაგოგიკა | ||
| 700 | 1 |
_aMiles, D. Anthony, _922666 |
|
| 776 | 0 | 8 |
_iOnline version: _tDissertation research methods _dLondon ; New York, NY : Routledge, Taylor & Francis Group, 2024 _z9781003268154 _w(DLC) 2023014792 |
| 906 |
_a7 _bcbc _corignew _d1 _eecip _f20 _gy-gencatlg |
||
| 942 |
_2udc _cᲬᲘᲒᲜᲘ |
||
| 955 |
_brm14 2023-04-25 _irm14 2023-04-25 (TW) |
||